书目信息 |
| 题名: |
新世纪教育启示录
|
|
| 作者: | 徐英 著 | |
| 分册: | ||
| 出版信息: | 天津 天津教育出版社 2000 |
|
| 页数: | 321页 | |
| 开本: | 20cm | |
| 丛书名: | ||
| 单 册: | ||
| 中图分类: | G639.21-53 , G639.21 | |
| 科图分类: | ||
| 主题词: | 教育改革--中学--中国--文集 , 教育改革 | |
| 电子资源: | ||
| ISBN: | 7-5309-3123-7 | |
| 000 | 00621nam0 2200229 450 | |
| 001 | 1554116492 | |
| 005 | 20150205150233.81 | |
| 010 | @a7-5309-3123-7@dCNY13.80 | |
| 100 | @a20000316d2000 em y0chiy0110 ea | |
| 101 | 0 | @achi |
| 102 | @aCN@b120000 | |
| 105 | @ay z 000yy | |
| 200 | 1 | @a新世纪教育启示录@9xin shi ji jiao yu qi shi lu@f徐英著 |
| 210 | @a天津@c天津教育出版社@d2000 | |
| 215 | @a321页@d20cm | |
| 606 | 0 | @a教育改革@x中学@y中国@x文集 |
| 606 | 0 | @a教育改革 |
| 690 | @aG639.21-53@v5 | |
| 690 | @aG639.21@v4 | |
| 701 | 0 | @a徐英@9xu ying@4著 |
| 801 | 0 | @aCN@bTSSF@c20150205 |
| 905 | @aZUCC@dG639.21@eJY10 | |
| 新世纪教育启示录/徐英著.-天津:天津教育出版社,2000 |
| 321页;20cm |
| ISBN 7-5309-3123-7:CNY13.80 |
| ● |
| 相关链接 |
|
|
|
|
正题名:新世纪教育启示录
索取号:G639.21/JY10
 
预约/预借
| 序号 | 登录号 | 条形码 | 馆藏地/架位号 | 状态 | 备注 |
| 1 | 7865924 | 278659248 | 学院路分馆/ [索取号:G639.21/JY10] | 在馆 |